000 00223nam a2200097Ia 4500
005 20251222113741.0
008 251222s1900||||xx |||||||||||||| ||spa||
082 _aDVD0010/R96/2004
245 0 _aBrigada 49:Ladder 49
942 _cDVD
999 _c626
_d626